000 00572 a2200229 4500
001 74644
020 _a9788574062969
041 _apor
082 _aP Year 4 028
250 _a. ed.
300 _ail.
490 _av.3
697 _aContos
830 _av.3
856 _u000022/00002271.jpg
040 _aBR-BrIDEA
_cBR-BrIDEA
090 _aP Year 4 028
_bMAC
100 _aMachado, Ana Maria
_d1941
245 1 0 _aHistórias à brasileira
_bO pavão misterioso e outras
_c Ana Mari Machado
260 _aSão Paulo
_bCompanhia das Letrinhas
_c2008
942 _cBK
999 _c74644
_d74644